Die Handschriften der Universitätsbibliothek Basel. Die hebräischen Handschriften /

Korporativní autor: Universitätsbibliothek Basel
Další autoři: Prijs, Joseph, Prijs, Bernhard, Prijs, David
Jazyk: Němčina
Vydáno: Basel : Universitätsbibliothek, 1994.
Edice: Publikationen der Universitätsbibliothek Basel
Témata:
Fyzický popis: 115 s. ; 30 cm
Knihy
Uloženo v:
LEADER 02003nam a2200481 a 4500
001 000003658
003 CZ BrMZK
005 20241022114659.0
007 ta
008 940509s1994 sz f c ger d
020 |a 3859530305 
040 |a BOA001  |b cze 
043 |a e-sz--- 
072 7 |a 09  |x Rukopisy, prvotisky, staré tisky. Vzácná a pozoruhodná díla  |2 Konspekt  |9 12 
080 |a 027.7  |2 MRF 
080 |a 025:09  |2 MRF 
080 |a 091(=411.16)  |2 MRF 
080 |a (494.23)  |2 MRF 
080 |a (083.82)  |2 MRF 
110 2 |a Universitätsbibliothek Basel  |7 kn20010710139 
245 1 4 |a Die Handschriften der Universitätsbibliothek Basel.  |p Die hebräischen Handschriften /  |c Katalog auf Grund der Beschreibungen von Joseph Prijs ; redigiert von Bernhard und David Prijs ; mit einem Anhang von Stephen G. Burnett und einem Beitrag von Thomas Willi 
260 |a Basel :  |b Universitätsbibliothek,  |c 1994. 
300 |a 115 s. ;  |c 30 cm 
490 1 |a Publikationen der Universitätsbibliothek Basel ;  |v Nr. 21 
504 |a Obsahuje bibliografii 
610 2 7 |a Universitätsbibliothek Basel  |7 kn20010710139  |2 czenas 
650 0 7 |a univerzitní knihovny  |7 ph126935  |z Švýcarsko  |2 czenas 
650 0 7 |a vzácné knihovní fondy  |7 ph262214  |z Švýcarsko  |2 czenas 
650 0 7 |a hebrejské rukopisy  |7 ph120655  |z Švýcarsko  |2 czenas 
650 0 9 |a university libraries  |z Switzerland  |2 eczenas 
650 0 9 |a rare library collections  |z Switzerland  |2 eczenas 
650 0 9 |a Hebrew manuscripts  |z Switzerland  |2 eczenas 
651 7 |a Basilej (Švýcarsko)  |7 ge128722  |2 czenas 
651 9 |a Basel (Switzerland)  |2 eczenas 
655 7 |a katalogy  |7 fd132535  |2 czenas 
655 9 |a catalogs  |2 eczenas 
700 1 |a Prijs, Joseph  |4 edt 
700 1 |a Prijs, Bernhard  |4 edt 
700 1 |a Prijs, David  |4 edt 
830 0 |a Publikationen der Universitätsbibliothek Basel 
910 |a BOA001  |b 4-0998.989 
990 |a BK 
996 7 |b 2610008568  |c 4-0998.989  |l MZK  |r Sklad / do 1 hodiny  |n 1  |p vým  |w 000003658  |u 000010  |a 1  |e BOA001  |j MZK50  |s A